Multi-Category Foursomes II Quiz Stats

 Plays Quiz Updated Jun 15, 2019

Score 0/60 Timer 04:00
20 Plays Today
% Correct
Brass
97.6%
Strings
97.4%
Autumn
97.4%
Spring
97.4%
Summer
97.3%
Winter
97.2%
PGA Championship
97.1%
Massachusetts
96.9%
Pennsylvania
96.8%
Virginia
96.7%
Percussion
96.5%
U.S. Open
96.4%
Woodwinds
96.2%
Kentucky
95.9%
The Masters
95.5%
The Open
94.9%
Jerry Seinfeld
94.8%
Earth
94%
Mars
93.9%
Venus
93.8%
Clubs
93.6%
Hearts
93.5%
Spades
93.4%
Diamonds
93.2%
Mercury
93.2%
Epsilon
92.7%
Twilight
92.4%
Breaking Dawn
92.2%
Donatello
92.1%
Upsilon
92%
% Correct
Michelangelo
91.9%
Leonardo
91.6%
New Moon
91.1%
Raphael
91.1%
William Henry Harrison
90.4%
Word Ladder
90.4%
Missing Word
90.3%
Omicron
89.8%
George Costanza
89.7%
Quick Pick
89.1%
Cosmo Kramer
89%
Lambda
88.9%
Elaine Benes
88.3%
Millard Fillmore
88.2%
Get the Picture
88.1%
Zachary Taylor
87.9%
Eclipse
87.9%
Candy Canes
87%
Death
86.8%
Candy
86.8%
Candy Corns
86.8%
Famine
86.3%
John Tyler
85.5%
War
85.4%
Syrup
85.2%
Peter Venkman
85.1%
Pestilence
84.8%
Egon Spengler
84.5%
Raymond Stantz
83.5%
Winston Zeddemore
80.4%

You're not logged in!

Compare scores with friends on all Sporcle quizzes.
OR
Log In

Sporcle TV

Today on Sporcle TV


Watch our educational content, quiz creation guides, and fun videos on Sporcle TV.

Show Comments

Extras

Top Quizzes Today


Score Distribution

Your Account Isn't Verified!

In order to create a playlist on Sporcle, you need to verify the email address you used during registration. Go to your Sporcle Settings to finish the process.

Report this User

Report this user for behavior that violates our Community Guidelines.

Details: